Państwa graniczące z Arabią Saudyjską - Nagła Śmierć - Statystyki

Ogólne statystyki
  • Ten quiz został rozwiązany 45 razy
    24 od ostatniego zresetowania
  • Średni wynik to 4 z 7
Answers on the Grid
Answers color-coded by a green-red scale on the quiz's grid according to % correct below.
Armenia
Azerbejdżan
Bahrajn
Egipt
Erytrea
Irak
Iran
Jemen
Jordania
Katar
Kirgistan
Kuwejt
Liban
Libia
Oman
Pakistan
Sudan
Syria
Turcja
Zjednoczone Emiraty Arabskie
 
Statystyki odpowiedzi
Odpowiedź % Poprawnych
Irak
67%
Katar
67%
Jordania
56%
Kuwejt
56%
Oman
44%
Zjednoczone Emiraty Arabskie
44%
Jemen
33%
Nie znaleziono quizów pasujących do podanych kryteriów
Rozkład punktacji
Procent ludzi z każdym wynikiem
Percentyl według liczby udzielonych odpowiedzi
Twoja historia wyników
Nie rozwiązałeś tego quizu od ostatniego zresetowania